New Trends in Asymmetric Catalysis (Record no. 28822)
[ view plain ]
| 000 -LEADER | |
|---|---|
| fixed length control field | 00881nam a2200133Ia 4500 |
| 008 - FIXED-LENGTH DATA ELEMENTS--GENERAL INFORMATION | |
| fixed length control field | 220620s9999||||xx |||||||||||||| ||und|| |
| 020 ## - INTERNATIONAL STANDARD BOOK NUMBER | |
| International Standard Book Number | 9783040000000 |
| 245 #0 - TITLE STATEMENT | |
| Title | New Trends in Asymmetric Catalysis |
| 546 ## - LANGUAGE NOTE | |
| Language note | English[eng] |
| 650 ## - SUBJECT ADDED ENTRY--TOPICAL TERM | |
| Topical term or geographic name entry element | N-heterocyclic carbenes (NHC)||Lewis acid||cooperative catalysis||asymmetric synthesis||umpolung||amines||imines||photoredox catalysis||radical additions||radical–radical couplings||stereoselectivity||umpolung chemistry||visible light||proline||organocatalysis||asymmetric aldol reaction||methanol/water mixtures||sustainability||asymmetric catalysis||salen complexes||ring-opening||epoxide||kinetic resolution||organic electrosynthesis||electrochemistry||enantioselectivity||transition-metal catalysis||n/a |
| 700 ## - ADDED ENTRY--PERSONAL NAME | |
| Personal name | Della Sala, Giorgio||Schettini, Rosaria |
| 856 ## - ELECTRONIC LOCATION AND ACCESS | |
| Uniform Resource Identifier | <a href="https://mdpi.com/books/pdfview/book/3905">https://mdpi.com/books/pdfview/book/3905</a> |
| 942 ## - ADDED ENTRY ELEMENTS (KOHA) | |
| Koha item type | E-Books |
| Withdrawn status | Lost status | Damaged status | Not for loan | Home library | Current library | Date acquired | Total Checkouts | Date last seen | Price effective from | Koha item type |
|---|---|---|---|---|---|---|---|---|---|---|
| Kerala University of Digital Sciences, Innovation and Technology Knowledge Centre | Kerala University of Digital Sciences, Innovation and Technology Knowledge Centre | 20/06/2022 | 20/06/2022 | 20/06/2022 | E-Books |